[Event "Charlotte IM-B MLK 2022"]
[Site "Charlotte"]
[Date "2022.01.14"]
[Round "2.5"]
[White "Wu, Rochelle"]
[Black "Oberoi, Shelev"]
[Result "0-1"]
[WhiteElo "2176"]
[BlackElo "2268"]
[Annotator "TA"]
[PlyCount "82"]
[EventDate "2022.01.13"]
[EventType "tourn"]
[EventCountry "USA"]
[SourceTitle "playchess.com"]
[Source "ChessBase"]
[SourceQuality "1"]

{[%evp 14,82,26,32,34,5,6,-22,7,13,20,10,30,3,-4,8,0,10,-2,-40,-43,-31,-27,-30,-42,-39,0,3,38,4,18,22,34,3,7,2,54,-8,87,0,0,0,0,0,0,0,0,0,0,0,0,-34,-29,-46,-7,-51,-62,-174,-190,-250,-247,-531,-533,-525,-437,-480,-472,-492,-491,-518,-504]} 1. d4 d5 2. c4 dxc4 3. Nf3 Nf6 4. e3 Bg4 5. Bxc4 e6 6. h3 Bh5 7. Nc3 Nbd7 8. O-O Bb4 {8...Be7 is becoming the main line. D25: Queen's Gambit Accepted: 4 e3: sidelines and 4...Bg4.} 9. Re1 c5 {[#]} 10. dxc5 $146 ({Predecessor:} 10. a3 Bxc3 11. bxc3 O-O 12. Bb2 Ne4 13. Bd3 Ng5 14. Be2 Bxf3 15. Bxf3 Nxf3+ 16. Qxf3 {½-½ (48) Gebhardt,U (2222)-Stray,G (2035) Helsingor 2012}) 10... Bxc3 {The position is equal.} 11. bxc3 Qa5 {To avoid Ba3} 12. Rb1 O-O 13. Rb5 (13. Rxb7 $5 {[%cal Rg2g4]} Qxc5 14. Be2 $14) 13... Qc7 14. Qd6 Rfc8 {White must now prevent ...Qxd6.} 15. Qxc7 Rxc7 16. Rd1 Nxc5 {Strongly threatening ...Na4.} 17. g4 Bg6 18. Ne5 $1 Nfe4 {Pair of Knights!} 19. Bb2 a6 (19... Na4 $15 20. Rb4 Nexc3 21. Bxc3 Nxc3) 20. Rb4 $36 {[%mdl 2048] White is pushing.} Nf6 21. Bb3 a5 22. Rbd4 {aiming for Rd8+.} Rcc8 {Prevents Rd8+.} 23. Nc4 {Threatens to win with Nb6.} Re8 (23... a4 24. Nb6 $1 axb3 25. Nxc8 $16) 24. Nd6 Red8 ({Black should try} 24... Nxb3 $11 25. axb3 Reb8) 25. Ba3 (25. Bc4 $14) 25... b6 {[#]} (25... Nxb3 $11 26. axb3 Bc2 27. Nxb7 Rdb8) 26. Nc4 (26. Bc4 $1 $16) 26... Rxd4 27. Rxd4 Nxb3 28. axb3 Nd5 29. Bb2 ({But not} 29. e4 Nxc3 30. Rd7 Nxe4 31. Nxb6 Rb8 $15) 29... b5 30. Nd6 b4 31. cxb4 axb4 32. e4 Nf4 {...Ne2+ is the strong threat.} 33. Kh2 h5 (33... e5 $5 {[%cal Re5d4]} 34. Rc4 Nd3 $17) 34. Rxb4 (34. Rd2 $11 f6 35. e5) 34... Nd3 $15 {[%csl LRb2,LRb4,LRf2]} 35. Rd4 ({Wrong is} 35. gxh5 $2 Nxb4 36. hxg6 fxg6 $19) ({Better is} 35. Ra4 $1 $15 Rxa4 36. bxa4 Nxb2 37. a5) 35... Nxb2 $19 36. Rd2 {[#]} (36. f4 {was called for.}) 36... Rd8 $1 {[%cal Oh5h4]} 37. e5 $2 (37. f4 hxg4 38. hxg4) (37. Kg3 hxg4) 37... Nd3 {Black is clearly winning.} 38. gxh5 Bh7 39. Nc4 Rb8 40. Ra2 Be4 41. Nd6 Bd5 {Weighted Error Value: White=0.30/Black=0.16 (very precise)} 0-1

[Event "Charlotte IM-B MLK 2022"]
[Site "Charlotte"]
[Date "2022.01.15"]
[Round "3.1"]
[White "Oberoi, Shelev"]
[Black "Lima Martinez, Alejandro"]
[Result "1-0"]
[WhiteElo "2268"]
[BlackElo "2078"]
[Annotator "TA"]
[PlyCount "63"]
[EventDate "2022.01.13"]
[EventType "tourn"]
[EventCountry "USA"]
[SourceTitle "playchess.com"]
[Source "ChessBase"]
[SourceQuality "1"]

{[%evp 18,63,37,46,63,54,68,23,16,-52,-47,-180,68,61,58,79,114,83,415,421,414,293,468,204,205,202,206,195,194,95,229,241,251,217,543,535,610,616,648,641,822,822,822,811,791,773,752,735]} 1. e4 c5 2. c3 g6 3. d4 cxd4 4. cxd4 d5 5. e5 Bg7 6. Nc3 Nh6 7. Bb5+ Nc6 8. h3 O-O 9. Nf3 f6 10. O-O g5 {[%cal Bg6g5,Bg5g4][%mdl 32] [#] B22: Sicilian: 2 c3.} 11. Re1 $146 ({Predecessor:} 11. exf6 exf6 12. Re1 g4 13. hxg4 Bxg4 14. Bxc6 bxc6 15. Qd3 Qd6 16. Ne2 Rfe8 17. Bxh6 Bxh6 18. Ng3 {0-1 (68) Agdelen,H (2206)-Isaakidis,A (2147) Larnaca 2021}) 11... g4 12. Nh4 (12. Bxh6 $14 Bxh6 13. Nh2) 12... fxe5 $11 {White has an edge.} 13. Bxh6 ({Better is} 13. dxe5 $11 d4 14. Bxc6 bxc6 15. Ne4) 13... Bxh6 $15 14. dxe5 (14. Bxc6 $15 bxc6 15. Rxe5) 14... Bg5 $2 {[#]} ({Black should play} 14... Qb6 $1 $19 {[%cal Rb6f2]} 15. Rf1 Be6 16. hxg4 d4 17. Bxc6 dxc3) 15. e6 $1 $14 Qb6 {[#]} 16. Qe2 {Active counter play!} g3 (16... Bxe6 17. Na4) 17. Kh1 Qxf2 $2 {[%mdl 8192] [#]} (17... gxf2 $16 {is more resistant.} 18. Qh5 fxe1=Q+ 19. Rxe1 Qd4 $1 20. Qxg5+ Qg7 21. Qxd5 (21. Qxg7+ Kxg7 22. Nxd5 Nd4 $17) 21... a6) 18. Qh5 $1 $18 Qf6 (18... Qf4 $2 {[#]} 19. Rf1 $1 Bxe6 20. Rxf4 Bxf4 21. Re1) 19. Nxd5 {The board is on fire.} Qg7 (19... Qh6 {was necessary.} 20. Qxh6 Bxh6) 20. Bd3 (20. Re4 $142) 20... Qh6 21. Qxh6 Bxh6 22. Nf5 Bg5 23. b4 ({Resist} 23. Nxg3 $6 Rd8 $16) (23. h4 $18 {is more deadly.} Bf6 24. Bb5) 23... Bd2 (23... Kh8 $16) 24. Ndxe7+ {Pair of Knights!} Kh8 {Threatens to win with ...Nxe7.} 25. Nxc6 bxc6 {[#]} (25... Bxe1 {is a better chance.} 26. Rxe1 bxc6) 26. e7 $1 {[%cal Re7f8] White is clearly winning.} Re8 (26... Bxf5 27. exf8=Q+) 27. Nd6 Bxe1 28. Nxe8 ({Weaker is} 28. Rxe1 Bd7 29. Nxe8 Rxe8 $18) 28... Bd7 29. Nc7 ({Not} 29. Rxe1 Rxe8 30. Re3 Kg7 31. Rxg3+ Kf6 32. Bxh7 Rxe7 $18) 29... Bc3 30. Rf1 Rg8 31. Bc4 Bxb4 32. Bxg8 {Weighted Error Value: White=0.32/Black=1.06} 1-0

[Event "Charlotte IM-B MLK 2022"]
[Site "Charlotte"]
[Date "2022.01.15"]
[Round "3.2"]
[White "Chen, Ryo"]
[Black "Wu, Rochelle"]
[Result "1-0"]
[WhiteElo "2294"]
[BlackElo "2176"]
[Annotator "TA"]
[PlyCount "81"]
[EventDate "2022.01.13"]
[EventType "tourn"]
[EventCountry "USA"]
[SourceTitle "playchess.com"]
[Source "ChessBase"]
[SourceQuality "1"]

{[%evp 20,81,0,-4,33,43,45,43,47,40,61,63,72,66,66,66,68,64,72,69,61,59,62,66,75,52,51,48,54,-16,-16,-11,-17,-23,-23,-51,-12,-101,-108,-133,-88,-91,-96,-339,-149,-572,-545,-667,-172,-172,-162,-156,-165,-158,-164,-164,-162,-158,-108,-108,-108,-103,-101,-115]} 1. e4 c5 2. Nf3 d6 3. d4 cxd4 4. Nxd4 Nf6 5. Nc3 a6 6. Be2 e5 7. Nb3 Be7 8. O-O {[%cal Bh1f1,Bf1f2,Bf2d2][%mdl 32]} O-O 9. Kh1 b6 10. Be3 Bb7 11. f3 Nbd7 {B92: Sicilian Najdorf: 6 Be2.} 12. a4 $1 Qc7 13. Rf2 Rfd8 {White is slightly better.} 14. Bf1 Nc5 15. Rd2 {To avoid d5} Rac8 16. Nxc5 dxc5 17. Bc4 Rxd2 18. Qxd2 Rd8 19. Qe2 {White is more active.} a5 {[#]} 20. Kg1 $146 ({Predecessor:} 20. Rd1 Rxd1+ 21. Qxd1 Qd7 22. Qe2 h6 23. b3 Kf8 24. Kg1 Qd6 25. Kf1 Qd7 26. Bc1 Bd8 27. Nd1 {1-0 (34) Esen,B (2455)-Soylu,S (2400) Ankara 2007}) 20... h6 21. Rd1 Kf8 22. Rxd8+ Qxd8 23. Bb3 Ne8 24. f4 (24. Qc4 $14 Nd6 25. Qd3) 24... exf4 $11 25. Bxf4 Qd4+ 26. Be3 Qe5 27. Qd3 Nd6 {[%cal Rd6e4]} 28. Nd5 (28. Bd5 $11 {keeps the balance.}) 28... Qxb2 $17 29. Nxb6 {[%cal Oe4e5]} Bxe4 ({Better is} 29... c4 $1 {[%cal Rc4d3]} 30. Bxc4 Bxe4) 30. Qd1 Qc3 31. Bf4 {[#]} (31. Bf2 $17 {was necessary.}) 31... Nf5 (31... c4 $1 $19 {[%cal Rc4b3] is more deadly.} 32. Bxd6 cxb3 33. Bxe7+ Kxe7 34. Qd7+ Kf6 35. Qd6+ Kf5 36. Qd7+ Kg5 37. Qe7+ f6 38. h4+ (38. Qxg7+ $2 Kf5 $19) 38... Kh5 39. Qe8+ g6 40. Qb5+ Kxh4 41. Qxb3 Qg3 42. Qxg3+ Kxg3) 32. Nd7+ $2 {[%mdl 8192]} (32. Nc4 $17) 32... Kg8 $19 {...c4 is the strong threat.} 33. Ne5 {Prevents c4.} Nd6 (33... g5 34. Qe2 (34. Bxf7+ $2 Kg7 $19) 34... Qd4+ 35. Qf2 Qd1+ 36. Qf1 Qxf1+ 37. Kxf1 gxf4) 34. Nf3 {[#]} c4 $1 35. Bxd6 Qe3+ 36. Kh1 cxb3 37. cxb3 Bxd6 38. Qxd6 Qxb3 (38... Bxf3 $142 39. gxf3 Qxf3+ 40. Kg1 Kh7) 39. Qd8+ $17 {Black is better.} Kh7 40. Qxa5 Qd1+ 41. Ng1 {[%mdl 32768] Weighted Error Value: White=0.61/Black=0.41. Loss on time!?} 1-0

[Event "Charlotte IM-B MLK 2022"]
[Site "Charlotte"]
[Date "2022.01.15"]
[Round "3.3"]
[White "Fishbein, Alexander"]
[Black "Amburgy, Ryan"]
[Result "1/2-1/2"]
[WhiteElo "2458"]
[BlackElo "2135"]
[Annotator "TA"]
[PlyCount "83"]
[EventDate "2022.01.13"]
[EventType "tourn"]
[EventCountry "USA"]
[SourceTitle "playchess.com"]
[Source "ChessBase"]
[SourceQuality "1"]

{[%evp 10,83,-1,-3,0,0,0,0,0,0,0,0,0,0,42,38,81,70,36,37,45,42,38,33,77,65,70,72,72,73,52,32,32,0,0,0,0,0,0,-14,8,0,2,0,0,0,0,0,12,12,12,12,12,12,12,12,27,27,29,6,7,5,8,20,32,0,-9,-25,-25,-40,-35,-35,-19,-19,-17,-20]} 1. c4 e5 2. Nc3 Nf6 3. Nf3 Nc6 4. d3 d5 5. cxd5 Nxd5 6. e4 Nb6 {A28: English Opening: Four Knights Variation.} 7. Be2 Be7 8. O-O O-O 9. a4 a5 10. Nb5 Bg4 11. Be3 {[#]} Qd7 $146 (11... Bxf3 $11 12. Bxf3 Nb4) ({Predecessor:} 11... Bxf3 12. Bxf3 Nb4 13. Qb3 c6 14. Nc3 Bg5 15. Bc5 Be7 16. Be3 Nd7 17. d4 exd4 18. Bxd4 {½-½ (53) Milosevic,A (2287)-Kozhuharov,S (2477) Sunny Beach 2007}) 12. h3 Be6 (12... Bxf3 $14 {is superior.} 13. Bxf3 Rad8) 13. Rc1 {[%cal Of3e5] [#] Threatens to win with Nxe5!} Bf6 14. d4 (14. b3 {looks sharper.} Rfc8 15. d4 exd4 16. Bxd4 Bxd4 17. Nfxd4 Nxd4 18. Qxd4 Qxd4 19. Nxd4 c6 20. Rfd1) 14... exd4 15. Nfxd4 Nxd4 16. Nxd4 Rfd8 (16... Bxd4 $14 17. Qxd4 Qxd4 18. Bxd4 Rac8) 17. Nxe6 $16 Qxe6 18. Qc2 Be5 19. Rcd1 Qa2 {[%csl LRa4,LRb2]} 20. Bxb6 cxb6 21. Bc4 Qxb2 22. Qxb2 Bxb2 23. Bd5 Kf8 24. Rd3 Be5 {[%cal Ob6b5]} 25. Rb1 Rd6 26. Rf3 f6 27. Bxb7 Rad8 {[#] ( -> ...Rd1+)} 28. Bd5 Bd4 29. Rc1 Bc5 30. g3 Re8 31. Kg2 Re7 32. h4 h6 33. h5 Ke8 34. Rf5 Kd8 35. Rc2 Rc7 36. Rf3 Bb4 37. Rxc7 (37. Ra2 $14 {feels stronger.}) 37... Kxc7 $11 38. Kh3 b5 39. Bb3 bxa4 40. Bxa4 Rd4 41. e5 Be7 42. exf6 {Weighted Error Value: White=0.05 (flawless) /Black=0.06 (flawless)} 1/2-1/2

[Event "Charlotte IM-B MLK 2022"]
[Site "Charlotte"]
[Date "2022.01.15"]
[Round "3.4"]
[White "Kanli, Alperen"]
[Black "Shen, Christopher"]
[Result "0-1"]
[WhiteElo "2055"]
[BlackElo "2335"]
[Annotator "TA"]
[PlyCount "90"]
[EventDate "2022.01.13"]
[EventType "tourn"]
[EventCountry "USA"]
[SourceTitle "playchess.com"]
[Source "ChessBase"]
[SourceQuality "1"]

{[%evp 14,90,31,27,62,16,50,50,52,56,83,65,80,71,81,73,79,50,69,43,58,13,44,42,50,42,43,37,49,18,22,21,20,0,0,-31,-27,-20,-15,-56,-38,-33,-41,-31,-31,-31,-31,-80,-82,-109,-80,-127,-134,-112,-93,-54,-67,-61,-50,-100,-100,-99,-92,-103,-50,-109,-63,-74,-48,-74,-78,-224,-229,-29989,-29990,-29994,-29995,-29995,-29996]} 1. d4 Nf6 2. c4 g6 3. Nc3 Bg7 4. e4 d6 5. Nf3 O-O 6. Be2 Na6 7. O-O e5 8. Re1 Qe7 {E94: King's Indian: Classical: 6 Be2 e5 7 0-0: Various Black 7th moves.} 9. Bf1 (9. c5 $14) 9... c6 10. Rb1 Bg4 {White is slightly better.} 11. d5 c5 12. Be2 {[#]} Bd7 $146 ({Predecessor:} 12... Nh5 13. g3 f5 14. Ng5 Bxe2 15. Qxe2 f4 16. Ne6 Rf7 17. Nb5 Bh6 18. a3 Ng7 {1-0 (35) Zierke,O (2313)-Agrest,I (2180) Pula 2008}) 13. a3 Ne8 14. b4 b6 15. Nb5 f5 16. Nd2 Bh6 17. Bf3 (17. Nc3 $14 {deserves consideration.}) 17... Nf6 18. Nc3 Kh8 19. h3 Rg8 20. Qe2 Raf8 21. b5 Nc7 22. a4 {[%cal Oa4a5]} Bxd2 23. Bxd2 f4 24. g4 {[%cal Oa4a5]} fxg3 25. fxg3 Bxh3 26. Bg5 (26. Nd1 $11 {feels stronger.}) 26... Qd7 27. Nd1 Ng4 28. Ne3 Nxe3 29. Qxe3 Ne8 30. a5 (30. Rb2 $1 $15 {might be stronger.}) 30... Nf6 $17 31. axb6 axb6 32. Ra1 ({Better is} 32. Rb2) 32... Ng4 33. Qe2 h6 34. Bxg4 Bxg4 35. Qh2 h5 {Strongly threatening ...Bh3.} 36. Rf1 (36. Qh4 $1 $15) 36... Bh3 $36 {[%mdl 2048] White is under strong pressure.} 37. Rxf8 Rxf8 38. Qe2 Bg4 (38... Kg7 $17) 39. Qh2 (39. Qd2 $1 $15) 39... Bf3 (39... Kh7 $17 {[%cal Og4d1]} 40. Qa2 Qf7) 40. Qh4 $15 Kg7 {Prevents Bh6+.} 41. Be7 Rf7 42. Bd8 {[#] This costs White the game.} (42. Bg5 $17 {was forced.}) 42... Bxe4 $1 $19 {...Qf5 is the strong threat.} 43. Bxb6 $2 (43. g4 $19) 43... Qf5 {[%csl Gf7][%cal Rf5f2] Black mates.} 44. Qh2 Qf3 45. Re1 {[#]} Qc3 $1 {[%csl LRc4,LRe1] Weighted Error Value: White=0.38/Black=0.10 (very precise)} 0-1

[Event "Charlotte IM-B MLK 2022"]
[Site "Charlotte"]
[Date "2022.01.15"]
[Round "3.5"]
[White "Bregadze, Levan"]
[Black "Matros, Alexander"]
[Result "0-1"]
[WhiteElo "2448"]
[BlackElo "2361"]
[Annotator "TA"]
[PlyCount "61"]
[EventDate "2022.01.13"]
[EventType "tourn"]
[EventCountry "USA"]
[SourceTitle "playchess.com"]
[Source "ChessBase"]
[SourceQuality "1"]

{[%evp 19,61,0,0,0,0,0,0,-15,-21,-124,-131,-120,-117,-152,-143,-233,-213,-204,-191,-231,-226,-287,-293,-293,-289,-285,-243,-240,-227,-224,-212,-374,-368,-703,-653,-5197,-5177,-1145,-1140,-800,-784,-29992,-29993,-29999]} 1. d4 Nf6 2. c4 g6 3. Nc3 Bg7 4. e4 d6 5. Nf3 O-O 6. h3 e5 7. d5 Nh5 {[%cal Bf6h5,Bh5f4,Bf4h3,Bh3f4][%mdl 32]} 8. Nh2 Qe8 9. Be2 Nf4 10. Bf3 f5 11. g3 {E90: King's Indian: Classical: Early deviations and 6 h3.} Nxh3 12. Bg2 $1 fxe4 13. Nxe4 {The position is equal. is the legacy move (13.Be3).} Bf5 {aiming for ...Bxe4.} 14. Be3 {[#]} (14. Ng4 $11 h5 15. Nef6+ (15. Nh6+ Bxh6 16. Bxh6 Bxe4 $15) 15... Bxf6 16. Nh6+ Kg7 17. Nxf5+ gxf5 18. Rxh3) 14... Nf4 $1 $17 {[%mdl 512]} 15. Bf3 {[#]} (15. gxf4 Bxe4 16. Kf1 (16. Bxe4 $2 exf4 17. Qd3 fxe3 $19) 16... Bxg2+ 17. Kxg2 Nd7) 15... Nd7 $1 $36 {[%cal Ob7b5][%mdl 2048] [#] Black is in control.} 16. Nf1 $146 (16. gxf4 $2 exf4 17. Bd4 Bxe4 $19) (16. Kf1 Qe7) ({Predecessor:} 16. g4 Bxe4 17. Bxe4 Nf6 18. Bc2 Ng2+ 19. Ke2 Nxe3 20. fxe3 e4 21. Qg1 b5 22. Bb3 bxc4 23. Bxc4 Nd7 24. Qg2 Nb6 25. b3 Nxc4 26. bxc4 Bxa1 27. Rxa1 Qe5 {0-1 (27) Moynihan,K (2179)-Jones,G (2644) Kilkenny 2012}) 16... b5 17. cxb5 {[#]} ({Wrong is} 17. gxf4 $2 exf4 18. Neg3 Bxb2 19. Nxf5 Rxf5 $19) (17. b3 $17) 17... Nf6 $1 18. Nxf6+ Bxf6 19. gxf4 exf4 {[%mdl 64] Pin, Discovered Attack} 20. Qe2 fxe3 21. Nxe3 Bd7 {A strong pair of Bishops.} 22. a4 a6 23. bxa6 {[#]} Bxb2 {[%mdl 576] Deflection} 24. Qxb2 {Hoping for Be2.} Rxf3 25. O-O-O $2 (25. Qd4 {was called for.}) 25... Rxa6 $19 26. Qe2 $2 {[#]} (26. Rh4) 26... Qe5 $1 {[%mdl 512]} 27. Qxa6 {[#] And now Nc2 would win.} (27. Rh4 Qa1+) 27... Qa1+ $1 28. Kd2 Qb2+ {[%mdl 64] Skewer} 29. Nc2 Rxf2+ 30. Ke1 Rxc2 ({And not} 30... Qxc2 31. Qd3 $17) 31. Ra1 {White got outplayed after the opening.  Weighted Error Value: White=1.05/Black=0.03 (flawless)} 0-1

[Event "Charlotte IM-B MLK 2022"]
[Site "Charlotte"]
[Date "2022.01.15"]
[Round "4.1"]
[White "Lima Martinez, Alejandro"]
[Black "Matros, Alexander"]
[Result "1/2-1/2"]
[WhiteElo "2078"]
[BlackElo "2361"]
[Annotator "ChessBase"]
[PlyCount "33"]
[EventDate "2022.01.13"]
[EventType "tourn"]
[EventCountry "USA"]
[SourceTitle "playchess.com"]
[Source "ChessBase"]
[SourceQuality "1"]
[TimeControl "5400+30"]

1. c4 {[%emt 0:00:02]} Nf6 {[%emt 0:00:54]} 2. Nc3 {[%emt 0:00:06]} g6 {[%emt 0:00:12]} 3. g3 {[%emt 0:00:05]} Bg7 {[%emt 0:00:11]} 4. Bg2 {[%emt 0:00:02]} O-O {[%emt 0:00:18]} 5. e4 {[%emt 0:00:04]} d6 {[%emt 0:01:14]} 6. Nge2 {[%emt 0:00:10]} e5 {[%emt 0:02:34]} 7. O-O {[%emt 0:00:08]} Nc6 {[%emt 0:02:38]} 8. d3 {[%emt 0:00:18]} a6 {[%emt 0:07:06]} 9. h3 {[%emt 0:02:38]} Nd4 {[%emt 0:05:00]} 10. f4 {[%emt 0:10:20]} Rb8 {[%emt 0:02:50]} 11. a4 {[%emt 0:06:15]} Nd7 {[%emt 0:13:29]} 12. Rb1 {[%emt 0:09:31]} a5 {[%emt 0:04:07]} 13. f5 {[%emt 0:11:57]} Nc5 {[%emt 0:01:53]} 14. g4 {[%emt 0:07:05]} c6 {[%emt 0:00:23]} 15. Be3 {[%emt 0:02:29]} Bd7 {[%emt 0:02:19]} 16. Ng3 {[%emt 0:03:55]} Bf6 {[%emt 0:16:11]} 17. Nce2 {[%emt 0:05:17]} 1/2-1/2

[Event "Charlotte IM-B MLK 2022"]
[Site "Charlotte"]
[Date "2022.01.15"]
[Round "4.2"]
[White "Shen, Christopher"]
[Black "Bregadze, Levan"]
[Result "1/2-1/2"]
[WhiteElo "2335"]
[BlackElo "2448"]
[Annotator "TA"]
[PlyCount "43"]
[EventDate "2022.01.13"]
[EventType "tourn"]
[EventCountry "USA"]
[SourceTitle "playchess.com"]
[Source "ChessBase"]
[SourceQuality "1"]

{[%evp 26,43,0,0,4,0,12,9,16,0,16,2,6,0,70,82,80,28,30,2]} 1. d4 Nf6 2. Nf3 e6 3. c4 c5 4. e3 cxd4 5. exd4 d5 6. Nc3 Bb4 7. a3 Bxc3+ 8. bxc3 O-O 9. Bd2 b6 10. Bd3 dxc4 11. Bxc4 Bb7 12. O-O Qc7 13. Bd3 Nbd7 14. Re1 Rfe8 {E55: Nimzo-Indian: Rubinstein: Main Line: 7...dxc4 8 Bxc4 Nbd7.} 15. Qe2 {[#]} h6 $146 ({Predecessor:} 15... Rac8 16. a4 Bd5 17. Ne5 Nxe5 18. dxe5 Nd7 19. Qh5 f5 20. exf6 Nxf6 21. Qh4 Bc4 {0-1 (45) Podolchenko,E (2458)-Gajewski,G (2556) Pardubice 2007}) 16. a4 Rad8 {The position is equal.} 17. Ne5 Nxe5 18. Qxe5 Qxe5 19. Rxe5 Rd5 (19... Rc8 $11) 20. Rxd5 $1 $14 {White is more active.} Bxd5 21. a5 (21. c4 $16 Be4 22. Be2) 21... Ne4 $11 22. Bxe4 {Weighted Error Value: White=0.07 (flawless) /Black=0.22 (precise)} 1/2-1/2

[Event "Charlotte IM-B MLK 2022"]
[Site "Charlotte"]
[Date "2022.01.15"]
[Round "4.3"]
[White "Amburgy, Ryan"]
[Black "Kanli, Alperen"]
[Result "0-1"]
[WhiteElo "2135"]
[BlackElo "2055"]
[Annotator "ChessBase"]
[PlyCount "102"]
[EventDate "2022.01.13"]
[EventType "tourn"]
[EventCountry "USA"]
[SourceTitle "playchess.com"]
[Source "ChessBase"]
[SourceQuality "1"]
[TimeControl "5400+30"]

1. Nf3 {[%emt 0:00:02]} d5 {[%emt 0:00:21]} 2. e3 {[%emt 0:00:05]} Nf6 {[%emt 0:00:17]} 3. c4 {[%emt 0:00:06]} dxc4 {[%emt 0:00:12]} 4. Bxc4 {[%emt 0:00:15]} e6 {[%emt 0:00:15]} 5. O-O {[%emt 0:00:48]} a6 {[%emt 0:00:10]} 6. b3 {[%emt 0:03:01]} b5 {[%emt 0:00:18]} 7. Be2 {[%emt 0:00:01]} Bb7 {[%emt 0:00:26]} 8. Bb2 {[%emt 0:00:58]} Nbd7 {[%emt 0:00:14]} 9. a4 {[%emt 0:02:57]} b4 {[%emt 0:00:14]} 10. d4 {[%emt 0:01:15]} c5 {[%emt 0:00:12]} 11. Nbd2 {[%emt 0:00:14]} Be7 {[%emt 0:00:02]} 12. Rc1 {[%emt 0:02:38]} Rc8 {[%emt 0:03:16]} 13. Bd3 {[%emt 0:02:48]} cxd4 {[%emt 0:05:09]} 14. Rxc8 {[%emt 0:04:43]} Qxc8 {[%emt 0:00:30]} 15. Bxd4 {[%emt 0:00:10]} O-O {[%emt 0:04:29]} 16. Nc4 {[%emt 0:18:52]} Rd8 {[%emt 0:02:43]} 17. Qe2 {[%emt 0:08:15]} Nc5 {[%emt 0:03:06]} 18. Bc2 {[%emt 0:01:08]} Nfe4 {[%emt 0:04:48]} 19. Nfe5 {[%emt 0:06:11]} f6 {[%emt 0:03:24]} 20. Nb6 {[%emt 0:00:57]} Qc7 {[%emt 0:01:50]} 21. Nec4 {[%emt 0:00:07]} e5 {[%emt 0:12:57]} 22. Bb2 {[%emt 0:00:28]} Nc3 {[%emt 0:00:17]} 23. Bxc3 {[%emt 0:06:57]} bxc3 {[%emt 0:00:13]} 24. b4 {[%emt 0:00:23]} Ne4 {[%emt 0:57:07]} 25. Qg4 {[%emt 0:05:33]} Nd2 {[%emt 0:00:00]} 26. Rd1 {[%emt 0:03:15]} e4 {[%emt 0:00:00]} 27. Qe6+ {[%emt 0:06:04]} Kh8 {[%emt 0:00:00]} 28. Na5 {[%emt 0:01:40]} Bxb4 {[%emt 0:00:00]} 29. Nxb7 {[%emt 0:00:51]} Qxb7 {[%emt 0:00:00]} 30. Nc4 {[%emt 0:03:10]} Qc8 {[%emt 0:00:00]} 31. Qxc8 {[%emt 0:05:14]} Rxc8 {[%emt 0:00:00]} 32. Nxd2 {[%emt 0:17:24]} cxd2 {[%emt 0:00:00]} 33. Bxe4 {[%emt 0:00:00]} Rc1 {[%emt 0:00:00]} 34. Bf3 {[%emt 0:00:00]} Kg8 {[%emt 0:00:00]} 35. Kf1 {[%emt 0:00:00]} Kf7 {[%emt 0:00:00]} 36. Bd5+ {[%emt 0:00:00]} Ke7 {[%emt 0:00:00]} 37. Ke2 {[%emt 0:00:00]} Kd6 {[%emt 0:00:00]} 38. Bb7 {[%emt 0:00:00]} a5 {[%emt 0:00:00]} 39. Be4 {[%emt 0:00:00]} g6 {[%emt 0:00:00]} 40. Bd3 {[%emt 0:00:00]} Bc3 {[%emt 0:00:00]} 41. h4 {[%emt 0:00:00]} Kc5 {[%emt 0:00:00]} 42. g4 {[%emt 0:00:00]} Kb4 {[%emt 0:00:00]} 43. Bb5 {[%emt 0:00:00]} Kc5 {[%emt 0:09:30]} 44. Be8 {[%emt 0:00:00]} Kd5 {[%emt 0:00:00]} 45. Bf7+ {[%emt 0:00:00]} Ke5 {[%emt 0:00:00]} 46. f4+ {[%emt 0:00:00]} Ke4 {[%emt 0:00:00]} 47. Be8 {[%emt 0:00:00]} Bb4 {[%emt 0:00:00]} 48. f5 {[%emt 0:00:00]} gxf5 {[%emt 0:00:00]} 49. gxf5 {[%emt 0:08:30]} Rc3 {[%emt 0:00:00]} 50. Rf1 {[%emt 0:00:00]} Rxe3+ {[%emt 0:00:00]} 51. Kf2 {[%emt 0:00:00]} Rf3+ {[%emt 0:00:00]} 0-1

[Event "Charlotte IM-B MLK 2022"]
[Site "Charlotte"]
[Date "2022.01.15"]
[Round "4.4"]
[White "Wu, Rochelle"]
[Black "Fishbein, Alexander"]
[Result "1/2-1/2"]
[WhiteElo "2176"]
[BlackElo "2458"]
[Annotator "TA"]
[PlyCount "83"]
[EventDate "2022.01.13"]
[EventType "tourn"]
[EventCountry "USA"]
[SourceTitle "playchess.com"]
[Source "ChessBase"]
[SourceQuality "1"]

{[%evp 9,83,0,-14,-39,-31,-28,-37,-43,-35,-38,-35,-37,-42,-35,-31,-65,-15,-13,0,0,8,0,0,0,0,0,0,0,0,0,0,0,167,178,163,159,178,160,176,177,160,168,174,183,183,183,222,168,174,162,154,141,151,141,152,144,156,168,148,106,143,97,99,95,98,98,110,0,95,0,111,112,111,100,170,0]} 1. d4 Nf6 2. Bg5 d5 3. Nd2 c5 4. Bxf6 gxf6 5. dxc5 Na6 6. e4 {Strongly threatening Bb5+. D00: 1 d4 d5: Unusual lines.} Nxc5 7. Bb5+ Bd7 8. Qe2 {Black is slightly better.} dxe4 9. Bxd7+ Qxd7 10. Nxe4 Nxe4 11. Qxe4 f5 {[#]} 12. Qe2 $146 ({Predecessor:} 12. Qe5 Rg8 13. Rd1 Qc6 14. Qxf5 Rd8 15. Rxd8+ Kxd8 16. Qxf7 Qxg2 17. Qf3 Qg5 18. Ne2 {1-0 (25) Pasman,M (2368)-Veinberg,N (2402) Israel 2020}) 12... Bg7 (12... Rg8 $1 $15 13. f4 (13. Rd1 Qc6 $17) 13... Rg4) 13. c3 $11 Qd5 14. Nf3 {[%cal Bg1f3,Bf3d4,Bd4f5][%mdl 32]} Qe4 15. Rd1 Qxe2+ 16. Kxe2 e6 17. Nd4 Ke7 18. f4 Rac8 19. Rd3 a6 20. Rhd1 Rc7 $2 {[#]} (20... Rhd8 $11 {and Black is okay.}) 21. Nxf5+ $1 $18 {[%mdl 512]} Kf6 (21... exf5 $2 22. Re3+ Be5 23. Rxe5+ Kf6 24. Rd6+ Kg7 25. Kf3) 22. Ne3 Ke7 23. Kf3 f5 24. Re1 {Hoping for Nd5+.} Kf7 25. g4 fxg4+ 26. Nxg4 Rf8 27. Rd6 Re7 28. Ne3 Rc7 29. Red1 Re8 30. Ke4 Bf8 31. Rd7+ Re7 32. R7d4 {White is more active.} Bg7 33. Rd6 Rc5 34. R1d2 (34. Rb6 $142) 34... Rh5 $16 35. Rf2 (35. Nc4 $142) 35... Rh4 36. Kd3 Rh3 37. Ke2 Rh5 38. Kd3 Rh3 39. Ke2 Rh5 $1 40. Kd1 Bh6 41. Nc4 Bg7 {[#]} (41... Rd5+ $16 42. Kc2 Rxd6 43. Nxd6+ Kg6) 42. Ne3 $2 {Weighted Error Value: White=0.12 (very precise) /Black=0.15 (very precise)} ({Better is} 42. Rb6 $1 $18) 1/2-1/2